000 00679nam a22002057a 4500
005 20190706113037.0
008 190706b xxu||||| |||| 00| 0 eng d
020 _a9780143442653
_cRs 799
040 _beng
041 _aEnglish
082 _a891.433
_bPRE
100 _aPremchand
_d1880-1936
_qDhanpat Rai Shrivastav
245 _aPremchand
_bThe complete short stories Volume 4
_cPremchand. Edited with an introduction by M Asaduddin. Translated from Hindi and Urdu by M Asaduddin and others.
260 _aGurgaon
_bPenguin Random House
_c2017
300 _axlvi,748p
_b23 cm
650 _aFiction in Hindi
700 _4tr.
_aAsaduddin, M
850 _aLCLIB
942 _cBK
999 _c42192
_d92671